<?xml version="1.0" encoding="UTF-8"?>
<record
    xmlns:xsi="http://www.w3.org/2001/XMLSchema-instance"
    xsi:schemaLocation="http://www.loc.gov/MARC21/slim http://www.loc.gov/standards/marcxml/schema/MARC21slim.xsd"
    xmlns="http://www.loc.gov/MARC21/slim">

  <leader>00800nam a22002177a 4500</leader>
  <controlfield tag="005">20170412170552.0</controlfield>
  <datafield tag="020" ind1=" " ind2=" ">
    <subfield code="a">9789350358238</subfield>
    <subfield code="c">375.00</subfield>
  </datafield>
  <datafield tag="035" ind1=" " ind2=" ">
    <subfield code="a">B-667527</subfield>
  </datafield>
  <datafield tag="037" ind1=" " ind2=" ">
    <subfield code="b">KBD/Ven</subfield>
  </datafield>
  <datafield tag="082" ind1=" " ind2=" ">
    <subfield code="a">346.54054</subfield>
  </datafield>
  <datafield tag="100" ind1=" " ind2=" ">
    <subfield code="a">Kumar, H. L.</subfield>
  </datafield>
  <datafield tag="245" ind1="0" ind2="0">
    <subfield code="a">Make your will yourself /</subfield>
    <subfield code="c">by H. L. Kumar and Gaurav Kumar</subfield>
  </datafield>
  <datafield tag="250" ind1=" " ind2=" ">
    <subfield code="a">7th ed</subfield>
  </datafield>
  <datafield tag="260" ind1=" " ind2=" ">
    <subfield code="a">New Delhi</subfield>
    <subfield code="b">Universal Law Publishing </subfield>
    <subfield code="c">2016</subfield>
  </datafield>
  <datafield tag="270" ind1=" " ind2=" ">
    <subfield code="a">C-FF-1A, Dilkhush Industrial Estate, (Near Azadpur Metro Station) G.T. Karnal Road  </subfield>
    <subfield code="b">New Delhi</subfield>
    <subfield code="e">110033</subfield>
  </datafield>
  <datafield tag="300" ind1=" " ind2=" ">
    <subfield code="a">xxxvi,322p.</subfield>
    <subfield code="c">22cm(pbk)</subfield>
  </datafield>
  <datafield tag="500" ind1=" " ind2=" ">
    <subfield code="a">Includes index</subfield>
  </datafield>
  <datafield tag="710" ind1=" " ind2=" ">
    <subfield code="a">Gaurav Kumar</subfield>
  </datafield>
  <datafield tag="942" ind1=" " ind2=" ">
    <subfield code="2">ddc</subfield>
    <subfield code="c">EN</subfield>
    <subfield code="m">KUM</subfield>
    <subfield code="h">346.54054</subfield>
  </datafield>
  <datafield tag="999" ind1=" " ind2=" ">
    <subfield code="c">138841</subfield>
    <subfield code="d">138841</subfield>
  </datafield>
  <datafield tag="952" ind1=" " ind2=" ">
    <subfield code="0">0</subfield>
    <subfield code="1">0</subfield>
    <subfield code="4">0</subfield>
    <subfield code="7">0</subfield>
    <subfield code="8">NFIC</subfield>
    <subfield code="a">AV</subfield>
    <subfield code="b">AV</subfield>
    <subfield code="d">2017-04-12</subfield>
    <subfield code="e">BPPD/EN/2013-14/AV/16-17/365/15.02.2017KBD/BL16/24.02.2017/17.03.217</subfield>
    <subfield code="g">375.00</subfield>
    <subfield code="l">21</subfield>
    <subfield code="m">4</subfield>
    <subfield code="o">346.54054 KUM</subfield>
    <subfield code="p">B-667527</subfield>
    <subfield code="r">2021-10-29 00:00:00</subfield>
    <subfield code="s">2021-09-11</subfield>
    <subfield code="t">1</subfield>
    <subfield code="v">375.00</subfield>
    <subfield code="w">2017-04-12</subfield>
    <subfield code="y">EN</subfield>
  </datafield>
</record>
